[Event "AUTO-OPEN-1410"]
[Site "http://www.queenalice.com/game.php?id=525904"]
[Date "2009.1.20"]
[Round "1"]
[White "oliveira_D"]
[Black "nonpop"]
[Result "1-0"]
[WhiteElo "1969"]
[BlackElo "1100"]

1. d4 Nf6 2. c4 e6 3. Nf3 Bb4+ 4. Nc3 d5 5. e3 c6 6. Bd3 b6 7. Qa4 a5 8. a3 b5
9. cxb5 cxb5 10. Bxb5+ Bd7 11. Bxd7+ Qxd7 12. Qxd7+ Nfxd7 13. axb4 Nc6 14. bxa5
Nxa5 15. b4 O-O 16. Rxa5 Rac8 17. Bd2 h6 18. Ke2 Nb6 19. Rha1 g5 20. Na4 Nxa4
21. R1xa4 f5 22. Ne5 g4 23. Ra7 h5 24. Rd7 Rcd8 25. Rb7 Rf6 26. Raa7 1-0

[Event "AUTO-OPEN-1410"]
[Site "http://www.queenalice.com/game.php?id=525905"]
[Date "2009.1.20"]
[Round "1"]
[White "nonpop"]
[Black "oliveira_D"]
[Result "0-1"]
[WhiteElo "1296"]
[BlackElo "1991"]

1. e4 e5 2. d4 exd4 3. Qxd4 Nc6 4. Qe3 d6 5. Nc3 Nf6 6. Bd3 Be7 7. Nf3 O-O 8. h3
Nb4 9. Nd4 c5 10. Nf5 c4 11. a3 Nxd3+ 12. cxd3 Bxf5 13. exf5 Re8 14. O-O d5 15.
Qf3 Qc7 16. Nxd5 Nxd5 17. Qxd5 cxd3 18. Qxd3 Rad8 19. Qf3 Qe5 20. g3 b6 21. Rb1
Qb5 22. b4 Rd3 23. Qh5 g6 24. Qh6 Qxf5 25. Bb2 Bf6 26. Qc1 Bxb2 27. Rxb2 Qxh3
28. Re1 Rdd8 29. Rbe2 Rxe2 30. Rxe2 h5 31. Re3 Qd7 32. Re1 Qd4 33. Qe3 Qxe3 34.
Rxe3 Kf8 35. f4 Re8 36. Rxe8+ Kxe8 37. Kf2 Ke7 38. Kf3 Ke6 39. Ke4 f5+ 40. Kf3
Kd5 41. Ke3 Kc4 42. b5 Kxb5 43. Kd4 Ka4 44. Ke5 Kxa3 45. Kf6 b5 46. Kxg6 b4 47.
Kxf5 b3 48. Kg5 b2 49. f5 b1=Q 50. f6 Qd1 51. f7 Qg4+ 52. Kf6 Qxg3 53. f8=Q+ Ka2
54. Qf7+ Kb1 55. Qb7+ Kc1 56. Qc6+ Kd2 57. Qd5+ Qd3 58. Qg5+ Qe3 59. Qd5+ Kc2
60. Qf5+ Qd3 61. Qf2+ Qd2 62. Qf5+ Kd1 63. Qf3+ Qe2 64. Qd5+ Ke1 65. Qa5+ Kf1
66. Qa1+ Kg2 67. Qxa7 h4 68. Qg7+ Kh3 69. Qd7+ Qg4 70. Qd3+ Qg3 71. Qd7+ Kg2 0-1

[Event "AUTO-OPEN-1410"]
[Site "http://www.queenalice.com/game.php?id=525909"]
[Date "2009.1.20"]
[Round "1"]
[White "pacou93"]
[Black "oliveira_D"]
[Result "0-1"]
[WhiteElo "1781"]
[BlackElo "1899"]

1. e4 e5 2. Nf3 d6 3. d4 exd4 4. Nxd4 Nf6 5. Nc3 a6 6. Qe2 Be7 7. g3 b5 8. Bg2
Bb7 9. O-O Nfd7 10. Nf5 O-O 11. Qg4 Bf6 12. Bh6 Ne5 0-1

[Event "AUTO-OPEN-1411"]
[Site "http://www.queenalice.com/game.php?id=526401"]
[Date "2009.1.21"]
[Round "1"]
[White "montelo"]
[Black "oliveira_D"]
[Result "0-1"]
[WhiteElo "1698"]
[BlackElo "1799"]

1. e4 e5 2. Qh5 d6 3. d3 Nf6 4. Qf3 Nc6 5. Nc3 Nd4 6. Qd1 c5 7. b3 Qa5 8. Bd2
Qd8 9. Nf3 Bg4 10. h3 Nxf3+ 11. gxf3 Bh5 12. Be2 a6 13. Bg5 Be7 14. Bxf6 Bxf6
15. Nd5 b5 16. Nxf6+ Qxf6 17. Qd2 Bxf3 18. Bxf3 Qxf3 19. Rh2 f5 20. Qe2 fxe4 21.
dxe4 Qc3+ 22. Qd2 Qxa1+ 23. Ke2 Qd4 24. Qxd4 cxd4 25. Rg2 Kf7 26. h4 Rac8 27.
Kd3 Rc3+ 28. Kd2 Rhc8 29. h5 Rxc2+ 30. Kd3 R8c3# 0-1

[Event "AUTO-OPEN-1411"]
[Site "http://www.queenalice.com/game.php?id=526402"]
[Date "2009.1.21"]
[Round "1"]
[White "oliveira_D"]
[Black "montelo"]
[Result "1-0"]
[WhiteElo "1500"]
[BlackElo "1698"]

1. d4 c5 2. dxc5 Qa5+ 3. Nc3 Qxc5 4. Nf3 Nf6 5. g3 Ng4 6. e3 d6 7. Bg2 Ne5 8.
O-O Nxf3+ 9. Bxf3 h5 10. h4 g5 11. Ne4 Qe5 12. Nxg5 Bh6 13. Ne4 Bh3 14. Re1 Qa5
15. c4 Be6 16. Bd2 Qb6 17. b3 d5 18. cxd5 Bxd5 19. Bc3 f6 20. Qxd5 Nd7 21. Qxh5+
Kf8 22. Qf5 Rd8 23. Rad1 Qc6 24. Ng5 Qxc3 25. Ne6+ Ke8 26. Qg6# 1-0

[Event "AUTO-OPEN-1411"]
[Site "http://www.queenalice.com/game.php?id=526423"]
[Date "2009.1.21"]
[Round "1"]
[White "po"]
[Black "oliveira_D"]
[Result "1-0"]
[WhiteElo "1282"]
[BlackElo "1880"]

1. e4 e5 2. Nf3 d6 3. d4 exd4 4. Nxd4 Nf6 5. Nc3 Be7 6. Bc4 a6 7. Bf4 b5 8. Bb3
c5 9. Ndxb5 axb5 10. Nxb5 Qa5+ 11. Nc3 Nxe4 12. Bxf7+ 1-0

[Event "AUTO-OPEN-1411"]
[Site "http://www.queenalice.com/game.php?id=526424"]
[Date "2009.1.21"]
[Round "1"]
[White "oliveira_D"]
[Black "po"]
[Result "0-1"]
[WhiteElo "1880"]
[BlackElo "1282"]

1. d4 d5 2. c4 e6 3. e3 Nf6 4. Nf3 b6 5. Bd3 dxc4 6. Bxc4 c5 7. O-O cxd4 8. Nxd4
Bb7 9. Nc3 Bc5 10. Nb3 Qxd1 11. Rxd1 Be7 12. Nb5 Na6 13. Bd2 O-O 0-1

[Event "AUTO-OPEN-1411"]
[Site "http://www.queenalice.com/game.php?id=526437"]
[Date "2009.1.21"]
[Round "1"]
[White "oliveira_D"]
[Black "fracci"]
[Result "0-1"]
[WhiteElo "1701"]
[BlackElo "2028"]

1. d4 e5 2. dxe5 Nc6 3. f4 Qe7 4. Nf3 f6 5. exf6 Nxf6 6. g3 Ne4 7. Bg2 Qc5 8. e3
d5 9. c3 Bg4 10. O-O O-O-O 11. Qa4 h6 12. Nd4 Bd7 0-1

[Event "AUTO-OPEN-1411"]
[Site "http://www.queenalice.com/game.php?id=526438"]
[Date "2009.1.21"]
[Round "1"]
[White "fracci"]
[Black "oliveira_D"]
[Result "1-0"]
[WhiteElo "2023"]
[BlackElo "1704"]

1. e4 e5 2. Nf3 d6 3. d4 exd4 4. Qxd4 Nc6 5. Bb5 Bd7 6. Bxc6 Bxc6 7. O-O Nf6 8.
Re1 Be7 9. Nc3 O-O 10. Bg5 Re8 11. a4 a5 12. Nd2 Qd7 13. Nc4 1-0

[Event "AUTO-OPEN-1412"]
[Site "http://www.queenalice.com/game.php?id=526805"]
[Date "2009.1.21"]
[Round "1"]
[White "PH_gga"]
[Black "oliveira_D"]
[Result "1-0"]
[WhiteElo "1559"]
[BlackElo "1789"]

1. e4 e5 2. Nf3 d6 3. Bc4 Be7 4. O-O Nf6 5. Ng5 O-O 6. Qf3 Nc6 7. Re1 h6 8. Nxf7
Rxf7 9. Bxf7+ Kxf7 10. Nc3 Nd4 11. Qd3 c5 12. b3 a6 13. a4 Bd7 14. Nd5 Nxd5 15.
exd5 Kg8 16. Bb2 Qe8 17. Bxd4 1-0

[Event "AUTO-OPEN-1412"]
[Site "http://www.queenalice.com/game.php?id=526806"]
[Date "2009.1.21"]
[Round "1"]
[White "oliveira_D"]
[Black "PH_gga"]
[Result "0-1"]
[WhiteElo "1830"]
[BlackElo "1531"]

1. d4 d5 2. c4 dxc4 3. e4 e6 4. Bxc4 Nc6 5. Nf3 Nf6 6. Bg5 h6 7. Bxf6 gxf6 8.
Bb5 Bd7 9. Nc3 Nb4 10. Bxd7+ Qxd7 11. a3 Na6 12. Qb3 O-O-O 13. Rc1 Qc6 14. O-O
h5 15. Rc2 h4 16. Rfc1 Rh5 0-1

[Event "AUTO-OPEN-1412"]
[Site "http://www.queenalice.com/game.php?id=526825"]
[Date "2009.1.21"]
[Round "1"]
[White "josecastroman"]
[Black "oliveira_D"]
[Result "1-0"]
[WhiteElo "1887"]
[BlackElo "1852"]

1. e4 e5 2. Nf3 d6 3. h3 Nc6 4. Bc4 Be7 5. Nc3 Nf6 6. d3 a6 7. Bg5 b5 8. Bb3 Bb7
9. Qd2 Na7 10. g4 c5 11. O-O-O a5 12. a3 Qb6 13. Bxf6 Bxf6 14. Bd5 Nc6 15. Bxc6+
Bxc6 16. g5 Be7 17. h4 a4 18. Rdg1 b4 19. Nb1 Kd7 20. Ne1 Rhb8 21. axb4 cxb4 22.
Kd1 a3 23. bxa3 bxa3 24. Nc3 a2 25. Nxa2 Rxa2 26. Ke2 Ba4 27. Kf3 Rc8 28. Rf1
Bxc2 29. Nxc2 Rcxc2 30. Qe3 Qxe3+ 31. Kxe3 1-0

[Event "AUTO-OPEN-1412"]
[Site "http://www.queenalice.com/game.php?id=526826"]
[Date "2009.1.21"]
[Round "1"]
[White "oliveira_D"]
[Black "josecastroman"]
[Result "0-1"]
[WhiteElo "1880"]
[BlackElo "1871"]

1. d4 d5 2. c4 Nf6 3. e3 Bf5 4. Nf3 Nc6 5. Be2 e6 6. O-O Bd6 7. a3 a6 8. c5 Be7
9. b4 h6 10. Bb2 O-O 11. Nc3 b5 12. Qb3 Ne4 13. a4 Bg4 14. axb5 axb5 15. Nxb5
Bxf3 16. gxf3 Nd2 17. Qc3 Nxf1 18. Kxf1 Rxa1+ 19. Bxa1 Qb8 20. Qb3 Na7 21. Nxa7
Qxa7 22. Bc3 c6 23. b5 cxb5 24. Qxb5 Rb8 25. Qc6 Qb7 26. Qa4 Qb3 27. Qa7 Qb1+
28. Kg2 Qg6+ 29. Kf1 Rb1+ 30. Be1 Qh5 31. Bd3 Qh3+ 0-1